[Event "Joao Pessoa Cup 2nd"]
[Site "Joao Pessoa"]
[Date "2024.08.28"]
[Round "6"]
[White "Friedrich, Carlos Ernesto Gall"]
[Black "Kortmann, Pedro Reck"]
[Result "1-0"]
[WhiteElo "1741"]
[BlackElo "1578"]
[PlyCount "69"]
[EventDate "2024.07.24"]
[EventType "swiss"]
[EventRounds "7"]
[EventCountry "BRA"]
[SourceTitle "EXT 2025"]
[Source "ChessBase"]
[SourceDate "2024.10.14"]
[SourceVersion "1"]
[SourceVersionDate "2024.10.14"]
[SourceQuality "1"]

1. d4 Nf6 2. c4 g6 3. Nf3 Bg7 4. Bf4 d6 5. e3 0-0 6. Be2 Bf5 7. 0-0 Nc6 8. Nc3 e6 9. Rc1 Re8 10. Nh4 Nd7 11. Nxf5 gxf5 12. g4 e5 13. dxe5 dxe5 14. Bg3 fxg4 15. Bxg4 Nf6 16. Bf5 Qxd1 17. Rcxd1 Ne7 18. Bc2 Ng6 19. Nd5 Nxd5 20. Rxd5 c6 21. Rd7 Re7 22. Rfd1 Rb8 23. Bxg6 Rxd7 24. Bxh7+ Kxh7 25. Rxd7 Kg6 26. f4 exf4 27. Bxf4 Rg8 28. Rxb7 Bf6 29. Kf2 Bh4+ 30. Kf3 Rd8 31. Rxa7 Rd2 32. b3 f5 33. Bg3 Bg5 34. h4 Bh6 35. Bf4 1-0

[Event "Joao Pessoa Cup 2nd"]
[Site "Joao Pessoa"]
[Date "2024.08.14"]
[Round "4"]
[White "Friedrich, Carlos Ernesto Gall"]
[Black "Sanfelici Bazanella, Alexandre"]
[Result "1-0"]
[WhiteElo "1741"]
[BlackElo "1950"]
[PlyCount "71"]
[EventDate "2024.07.24"]
[EventType "swiss"]
[EventRounds "7"]
[EventCountry "BRA"]
[SourceTitle "EXT 2025"]
[Source "ChessBase"]
[SourceDate "2024.10.14"]
[SourceVersion "1"]
[SourceVersionDate "2024.10.14"]
[SourceQuality "1"]

1. d4 d5 2. c4 e6 3. Nf3 Nf6 4. Bg5 Nbd7 5. e3 c6 6. Be2 Qa5+ 7. Nbd2 Be7 8. 0-0 0-0 9. Nb3 Qd8 10. Nbd2 h6 11. Bh4 b6 12. Rc1 Bb7 13. Qb3 Rc8 14. Bg3 Nh7 15. c5 b5 16. a4 a6 17. axb5 axb5 18. Ra1 Ra8 19. Ne5 Nxe5 20. Bxe5 Qd7 21. h3 Bf6 22. Nf3 Bxe5 23. Nxe5 Qc7 24. f4 Nf6 25. Rxa8 Rxa8 26. f5 exf5 27. Rxf5 Qa5 28. Rf1 Qa2 29. Qc2 Ra3 30. Bh5 Qb3 31. Bxf7+ Kf8 32. Qg6 Qxe3+ 33. Kh2 Ra7 34. Rxf6 gxf6 35. Qg8+ Ke7 36. Qe8# 1-0

[Event "Alegre op"]
[Site "Alegre"]
[Date "2024.03.10"]
[Round "4"]
[White "Emerim, Diogo Mattos"]
[Black "Friedrich, Carlos Ernesto Gall"]
[Result "0-1"]
[WhiteElo "1520"]
[BlackElo "1768"]
[PlyCount "36"]
[EventDate "2024.03.08"]
[EventType "swiss"]
[EventRounds "5"]
[EventCountry "BRA"]
[SourceTitle "CBM 219 Extra"]
[Source "ChessBase"]
[SourceDate "2024.05.31"]
[SourceVersion "1"]
[SourceVersionDate "2024.05.31"]
[SourceQuality "1"]

1. e4 e5 2. Bc4 Nf6 3. d3 h6 4. Nc3 Bc5 5. f4 exf4 6. Bxf4 d6 7. Na4 Bxg1 8. Rxg1 c6 9. Nc3 Qb6 10. Ne2 Ng4 11. Rf1 0-0 12. Bxd6 Ne3 13. Qc1 Nxf1 14. Bxf8 Ne3 15. Bd6 Nxg2+ 16. Kd2 Qe3+ 17. Kd1 Qf2 18. Qd2 Qf1+ 0-1

[Event "Alegre op"]
[Site "Alegre"]
[Date "2024.03.09"]
[Round "2"]
[White "Kortmann, Pedro Reck"]
[Black "Friedrich, Carlos Ernesto Gall"]
[Result "1-0"]
[WhiteElo "1484"]
[BlackElo "1768"]
[PlyCount "139"]
[EventDate "2024.03.08"]
[EventType "swiss"]
[EventRounds "5"]
[EventCountry "BRA"]
[SourceTitle "CBM 219 Extra"]
[Source "ChessBase"]
[SourceDate "2024.05.31"]
[SourceVersion "1"]
[SourceVersionDate "2024.05.31"]
[SourceQuality "1"]

1. e4 e5 2. Nf3 Nc6 3. Bb5 a6 4. Bxc6 dxc6 5. Nxe5 Qd4 6. Nf3 Qxe4+ 7. Qe2 Qxe2+ 8. Kxe2 Bg4 9. Re1 0-0-0 10. h3 Bxf3+ 11. Kxf3 Bc5 12. d3 Nf6 13. Bg5 Rd6 14. Bf4 Re6 15. Rxe6 fxe6 16. Nd2 Nd5 17. Ne4 Nxf4 18. Kxf4 Bd4 19. c3 e5+ 20. Kg3 Bb6 21. Re1 Rf8 22. f3 h6 23. Nf2 Rf5 24. Ng4 Bc5 25. Nxe5 Bd6 26. d4 c5 27. Kf2 cxd4 28. cxd4 c5 29. Nc4 Bc7 30. g4 Rf4 31. Re4 cxd4 32. Rxf4 Bxf4 33. Ke2 b5 34. Nd2 Kc7 35. Nb3 Be5 36. Kd3 Kd6 37. Nxd4 Kd5 38. Nc2 a5 39. b3 a4 40. Na3 axb3 41. axb3 b4 42. Nc4 Bc7 43. Ne3+ Kc5 44. Nf5 Be5 45. Ke4 Bf6 46. f4 Kc6 47. h4 g6 48. Nxh6 Bxh4 49. f5 gxf5+ 50. gxf5 Bg5 51. Nf7 Bf6 52. Ne5+ Kd6 53. Nd3 Bc3 54. Nc1 Bd2 55. Na2 Be1 56. Ke3 Ke5 57. Ke2 Bc3 58. Nxc3 bxc3 59. Kd3 c2 60. Kxc2 Kxf5 61. Kc3 Ke6 62. Kb4 Kd7 63. Ka5 Kc7 64. Kb5 Kb7 65. b4 Ka7 66. Kc6 Ka8 67. Kb6 Kb8 68. b5 Ka8 69. Kc7 Ka7 70. b6+ 1-0

[Event "Porto Alegre Regional Sul"]
[Site "Porto Alegre"]
[Date "2019.12.13"]
[Round "1"]
[White "Perondi, Rodolfo Antonio"]
[Black "Friedrich, Carlos Ernesto Gall"]
[Result "1-0"]
[WhiteElo "1866"]
[BlackElo "1626"]
[PlyCount "105"]
[EventDate "2019.12.13"]
[EventType "swiss"]
[EventRounds "5"]
[EventCountry "BRA"]
[SourceTitle "EXT 2021"]
[Source "ChessBase"]
[SourceDate "2020.10.23"]
[SourceVersion "1"]
[SourceVersionDate "2020.10.23"]
[SourceQuality "1"]

1. e4 e5 2. d4 exd4 3. Qxd4 Nc6 4. Qa4 Nf6 5. Bg5 Be7 6. Nc3 h6 7. Bh4 0-0 8. 0-0-0 d6 9. Bb5 Ne5 10. Nf3 c6 11. Be2 Qc7 12. h3 b5 13. Qd4 Rd8 14. g4 Be6 15. Bg3 Nfd7 16. Nh4 a6 17. f4 c5 18. Qf2 Nc6 19. f5 Bc4 20. Bxc4 bxc4 21. Nf3 Nb6 22. Bh4 f6 23. Qe2 Ne5 24. Bg3 Nxf3 25. Qxf3 Qb7 26. Qe2 Rab8 27. Bf4 Nc8 28. Qxc4+ Kf8 29. b3 Nb6 30. Qe6 Qd7 31. Qxd7 Rxd7 32. Nd5 Nxd5 33. Rxd5 Ke8 34. Rxc5 dxc5 35. Bxb8 Rb7 36. Bg3 c4 37. Kb2 a5 38. a3 cxb3 39. cxb3 Bc5 40. Rd1 Re7 41. Rd5 Bb6 42. Rb5 Bd4+ 43. Kc2 Rxe4 44. Kd2 a4 45. bxa4 Be5 46. Bxe5 fxe5 47. Rb4 Rf4 48. Rxf4 exf4 49. Kd3 Kd7 50. Ke4 f3 51. Kxf3 Kc6 52. h4 Kb6 53. g5 1-0

[Event "Porto Alegre Metropole-ch"]
[Site "Porto Alegre"]
[Date "2018.12.01"]
[Round "2"]
[White "Boabaid, Jorge Alberto Duard"]
[Black "Friedrich, Carlos Ernesto Gall"]
[Result "0-1"]
[WhiteElo "1882"]
[BlackElo "1647"]
[PlyCount "54"]
[EventDate "2018.11.30"]
[EventType "swiss"]
[EventRounds "5"]
[EventCountry "BRA"]
[SourceTitle "CBM 187 Extra"]
[Source "ChessBase"]
[SourceDate "2018.11.04"]
[SourceVersion "1"]
[SourceVersionDate "2018.11.04"]
[SourceQuality "1"]

1. d4 Nf6 2. Nf3 d5 3. c4 c6 4. Nc3 g6 5. e3 Bg7 6. Bd3 0-0 7. 0-0 Bg4 8. a3 Bxf3 9. Qxf3 e6 10. b3 Nbd7 11. Bb2 Re8 12. e4 dxe4 13. Nxe4 Nxe4 14. Qxe4 Nc5 15. Qe3 Nxd3 16. Qxd3 c5 17. Rad1 Qh4 18. Rfe1 Rad8 19. Re4 Qe7 20. Ba1 f5 21. Ree1 cxd4 22. f4 Qc5 23. Kh1 e5 24. fxe5 Bxe5 25. Rxe5 Qxe5 26. Bxd4 Qf4 27. c5 Rxd4 0-1

[Event "Famalicao op 6th"]
[Site "Famalicao"]
[Date "2018.08.01"]
[Round "5"]
[White "Friedrich, Carlos Ernesto Gall"]
[Black "Sarabando, Rodrigo Andias"]
[Result "0-1"]
[WhiteElo "1661"]
[BlackElo "1390"]
[PlyCount "64"]
[EventDate "2018.07.29"]
[EventType "swiss"]
[EventRounds "9"]
[EventCountry "POR"]
[SourceTitle "CBM 185 Extra"]
[Source "ChessBase"]
[SourceDate "2018.07.29"]
[SourceVersion "1"]
[SourceVersionDate "2018.07.29"]
[SourceQuality "1"]

1. e4 d5 2. exd5 Qxd5 3. Nc3 Qa5 4. Nf3 Nf6 5. h3 Bf5 6. Bc4 e6 7. d3 Be7 8. 0-0 0-0 9. Qe2 c6 10. Nd4 Nbd7 11. g4 Bg6 12. Nxe6 Rfe8 13. Nf4 Bb4 14. Be3 Bxc3 15. bxc3 Qxc3 16. Nxg6 hxg6 17. f4 Nb6 18. Qf2 Nxc4 19. Bd4 Qa5 20. Bxf6 gxf6 21. dxc4 Rad8 22. Rad1 Rxd1 23. Rxd1 Qxa2 24. c5 Qa3 25. Rd3 Qc1+ 26. Kg2 Qe1 27. Qxe1 Rxe1 28. Kf2 Rc1 29. Rd2 a5 30. Rd8+ Kg7 31. Ke3 Rxc2 32. Ra8 Rxc5 0-1

[Event "Famalicao op 6th"]
[Site "Famalicao"]
[Date "2018.08.01"]
[Round "6"]
[White "Magalhaes, Guilherme"]
[Black "Friedrich, Carlos Ernesto Gall"]
[Result "0-1"]
[WhiteElo "1229"]
[BlackElo "1661"]
[PlyCount "44"]
[EventDate "2018.07.29"]
[EventType "swiss"]
[EventRounds "9"]
[EventCountry "POR"]
[SourceTitle "CBM 185 Extra"]
[Source "ChessBase"]
[SourceDate "2018.07.29"]
[SourceVersion "1"]
[SourceVersionDate "2018.07.29"]
[SourceQuality "1"]

1. c4 Nf6 2. Nc3 g6 3. g3 Bg7 4. Bg2 c5 5. Nf3 0-0 6. 0-0 d6 7. d4 cxd4 8. Nxd4 Nbd7 9. Bf4 e5 10. Bxe5 dxe5 11. Ndb5 a6 12. Nd6 Qb6 13. Nd5 Qxd6 14. Nxf6+ Qxf6 15. Bxb7 Bxb7 16. Qxd7 Bc6 17. Qd2 Rfd8 18. Qc2 Qe6 19. Rfd1 Rd4 20. Rxd4 exd4 21. Rd1 Rd8 22. Qb3 Qxe2 0-1

[Event "Famalicao op 6th"]
[Site "Famalicao"]
[Date "2018.07.30"]
[Round "2"]
[White "Paiva, Henrique MA Alberg"]
[Black "Friedrich, Carlos Ernesto Gall"]
[Result "1-0"]
[WhiteElo "2084"]
[BlackElo "1661"]
[PlyCount "103"]
[EventDate "2018.07.29"]
[EventType "swiss"]
[EventRounds "9"]
[EventCountry "POR"]
[SourceTitle "CBM 185 Extra"]
[Source "ChessBase"]
[SourceDate "2018.07.29"]
[SourceVersion "1"]
[SourceVersionDate "2018.07.29"]
[SourceQuality "1"]

1. e4 e5 2. Nf3 Nc6 3. Bb5 a6 4. Ba4 b5 5. Bb3 d6 6. c3 Be7 7. 0-0 Nf6 8. Re1 0-0 9. d3 Na5 10. Bc2 c5 11. Nbd2 Nc6 12. Nf1 Be6 13. Ng3 g6 14. h3 Re8 15. Ng5 Bf8 16. Nxe6 Rxe6 17. Bb3 Re8 18. Bg5 h6 19. Be3 Qe7 20. Qf3 Bg7 21. Nf1 Rac8 22. Nd2 Rc7 23. a4 Kh7 24. axb5 axb5 25. Ra6 Nd4 26. Qd1 Nxb3 27. Qxb3 Rb7 28. Rea1 Qc7 29. Qa2 Re7 30. Qa3 b4 31. Qa4 bxc3 32. bxc3 Ne8 33. Nc4 Rd7 34. Rc6 Qb8 35. Nb6 Rdc7 36. Rxc7 Nxc7 37. Nc4 Rb1+ 38. Kh2 Rxa1 39. Qxa1 Ne6 40. Qa6 Bf8 41. Nb6 Nc7 42. Qa5 Kg7 43. Nd7 Qc8 44. Nxf8 Kxf8 45. Bxh6+ Ke8 46. Qb6 Ke7 47. f4 f6 48. fxe5 fxe5 49. Bg5+ Ke6 50. Qb3+ Kd7 51. Qf7+ Kc6 52. Qxg6 1-0

[Event "Caioba Telecom op"]
[Site "Caioba"]
[Date "2017.10.01"]
[Round "7"]
[White "Tamarozi, Isabelle"]
[Black "Friedrich, Carlos Ernesto Gall"]
[Result "1-0"]
[WhiteElo "1928"]
[BlackElo "1656"]
[PlyCount "44"]
[EventDate "2017.09.28"]
[EventType "swiss"]
[EventRounds "8"]
[EventCountry "BRA"]
[SourceTitle "EXT 2020"]
[Source "ChessBase"]
[SourceDate "2019.10.17"]
[SourceVersion "1"]
[SourceVersionDate "2019.10.17"]
[SourceQuality "1"]

1. e4 e5 2. Nf3 Nc6 3. Bb5 a6 4. Ba4 Nf6 5. d3 b5 6. Bb3 Be7 7. 0-0 0-0 8. Re1 d6 9. c3 Na5 10. Bc2 c5 11. h3 Nc6 12. Nbd2 Qc7 13. Nf1 h6 14. g4 Nh7 15. Ng3 Ng5 16. Bxg5 Bxg5 17. Nxg5 hxg5 18. Qd2 Qd8 19. a4 Rb8 20. Re2 g6 21. Kg2 Kg7 22. Rh1 Rh8 1-0

[Event "Florianopolis op 3rd"]
[Site "Florianopolis"]
[Date "2017.01.24"]
[Round "7"]
[White "Friedrich, Carlos Ernesto Gall"]
[Black "Lunelli, Neuri Antonio"]
[Result "0-1"]
[WhiteElo "1661"]
[BlackElo "1825"]
[PlyCount "74"]
[EventDate "2017.01.20"]
[EventType "swiss"]
[EventRounds "10"]
[EventCountry "BRA"]
[SourceTitle "CBM 176 Extra"]
[Source "ChessBase"]
[SourceDate "2017.03.02"]
[SourceVersion "1"]
[SourceVersionDate "2017.03.02"]
[SourceQuality "1"]

1. e4 g6 2. d4 Bg7 3. Nf3 c5 4. Be3 cxd4 5. Nxd4 d6 6. Be2 Nf6 7. Nc3 0-0 8. 0-0 Nbd7 9. Qd2 Re8 10. f4 Nc5 11. Bf3 Ng4 12. Bxg4 Bxg4 13. f5 Rc8 14. Bh6 Be5 15. Nf3 Bh8 16. fxg6 hxg6 17. Ng5 Bf6 18. Qf2 Ne6 19. Nxe6 Bxe6 20. Kh1 Qa5 21. Bd2 Qh5 22. Qf3 Qh7 23. Rae1 Rc5 24. g4 Rec8 25. Kg2 b5 26. a3 a5 27. Be3 Rc4 28. Nd5 Rxc2+ 29. Re2 Bxd5 30. exd5 Bxb2 31. Bd2 Bc3 32. Rff2 b4 33. axb4 axb4 34. Bxc3 R2xc3 35. Re3 Rxe3 36. Qxe3 Rc3 37. Qe2 Qh3+ 0-1

[Event "Florianopolis op 3rd"]
[Site "Florianopolis"]
[Date "2017.01.23"]
[Round "5"]
[White "Friedrich, Carlos Ernesto Gall"]
[Black "De Souza Monteiro, Marcos Paulo"]
[Result "0-1"]
[WhiteElo "1661"]
[BlackElo "2021"]
[PlyCount "96"]
[EventDate "2017.01.20"]
[EventType "swiss"]
[EventRounds "10"]
[EventCountry "BRA"]
[SourceTitle "CBM 176 Extra"]
[Source "ChessBase"]
[SourceDate "2017.03.02"]
[SourceVersion "1"]
[SourceVersionDate "2017.03.02"]
[SourceQuality "1"]

1. e4 c5 2. Nf3 d6 3. d4 cxd4 4. Nxd4 Nf6 5. Nc3 g6 6. Bc4 Bg7 7. 0-0 0-0 8. Be3 Nc6 9. h3 Bd7 10. Qd2 Rc8 11. Bb3 a6 12. a3 Na5 13. Rad1 Nxb3 14. cxb3 Re8 15. f4 e5 16. fxe5 dxe5 17. Nde2 Bc6 18. Ng3 Qxd2 19. Rxd2 Red8 20. Rfd1 Rxd2 21. Rxd2 h5 22. Bg5 Nd7 23. Nd5 Bxd5 24. exd5 f6 25. Be3 f5 26. Bg5 Kf7 27. Kf2 Bf6 28. Bxf6 Nxf6 29. Kf3 Rd8 30. Ne2 Rxd5 31. Rc2 Rd3+ 32. Kf2 Ne4+ 33. Ke1 Rxb3 34. Kf1 Kf6 35. Nc1 Rb6 36. Nd3 Rd6 37. Nb4 a5 38. Na2 Rd2 39. Rxd2 Nxd2+ 40. Ke2 Nc4 41. b4 Nxa3 42. bxa5 Nc4 43. a6 bxa6 44. Kd3 Nb6 45. Nc3 a5 46. Nb1 a4 47. Kc3 Nd5+ 48. Kd2 Nf4 0-1

[Event "Florianopolis op 3rd"]
[Site "Florianopolis"]
[Date "2017.01.22"]
[Round "4"]
[White "Bitencourt, Evandro Jose dos S"]
[Black "Friedrich, Carlos Ernesto Gall"]
[Result "1-0"]
[WhiteElo "1837"]
[BlackElo "1661"]
[PlyCount "31"]
[EventDate "2017.01.20"]
[EventType "swiss"]
[EventRounds "10"]
[EventCountry "BRA"]
[SourceTitle "CBM 176 Extra"]
[Source "ChessBase"]
[SourceDate "2017.03.02"]
[SourceVersion "1"]
[SourceVersionDate "2017.03.02"]
[SourceQuality "1"]

1. d4 Nf6 2. c4 d6 3. Nc3 g6 4. e4 Bg7 5. Be2 0-0 6. Bg5 c5 7. d5 h6 8. Be3 Nbd7 9. g4 Ne5 10. f3 g5 11. h4 Nh7 12. hxg5 hxg5 13. Qd2 f6 14. Nh3 Qe8 15. Nf2 Qg6 16. 0-0-0 1-0

[Event "Florianopolis op 3rd"]
[Site "Florianopolis"]
[Date "2017.01.20"]
[Round "1"]
[White "Friedrich, Carlos Ernesto Gall"]
[Black "Salvadego, Erika Giovana De O"]
[Result "1-0"]
[WhiteElo "1661"]
[BlackElo "1121"]
[PlyCount "101"]
[EventDate "2017.01.20"]
[EventType "swiss"]
[EventRounds "10"]
[EventCountry "BRA"]
[SourceTitle "CBM 176 Extra"]
[Source "ChessBase"]
[SourceDate "2017.03.02"]
[SourceVersion "1"]
[SourceVersionDate "2017.03.02"]
[SourceQuality "1"]

1. e4 e6 2. d4 d5 3. Nc3 Nf6 4. Bg5 Be7 5. Bxf6 Bxf6 6. e5 Be7 7. f4 c5 8. Nf3 Nc6 9. Bb5 Bd7 10. 0-0 0-0 11. Kh1 Qb6 12. Bxc6 Bxc6 13. b3 cxd4 14. Nxd4 Bc5 15. Nxc6 bxc6 16. Na4 Qb5 17. Nxc5 Qxc5 18. Qd3 f6 19. Rae1 Rae8 20. h3 fxe5 21. Rxe5 Qa3 22. Qe2 Rf6 23. f5 Qxa2 24. Re1 Qa3 25. Rxe6 Rfxe6 26. fxe6 a5 27. Qe5 a4 28. e7 axb3 29. cxb3 Qxb3 30. Qe6+ Kh8 31. Qxc6 Qb8 32. Qxd5 Qb4 33. Qe6 h6 34. Re4 Qb1+ 35. Kh2 Qb8+ 36. g3 Qb2+ 37. Re2 Qf6 38. Qd7 Qf7 39. Kg2 g5 40. Re6 Kh7 41. Qd6 h5 42. Qd3+ Kg7 43. Qd4+ Kg8 44. Qe5 Qg7 45. Qe2 g4 46. hxg4 hxg4 47. Re4 Qf6 48. Rxg4+ Kh7 49. Qe4+ Kh8 50. Rh4+ Kg7 51. Qh7# 1-0

[Event "Porto Alegre IRT U2200 2nd"]
[Site "Porto Alegre"]
[Date "2016.09.03"]
[Round "2.5"]
[White "Friedrich, Carlos Ernesto Gall"]
[Black "Perondi, Rodolfo Antonio"]
[Result "0-1"]
[WhiteElo "1677"]
[BlackElo "1886"]
[PlyCount "74"]
[EventDate "2016.09.03"]
[EventType "swiss"]
[EventRounds "5"]
[EventCountry "BRA"]
[SourceTitle "EXT 2022"]
[Source "ChessBase"]
[SourceDate "2021.10.06"]
[SourceVersion "1"]
[SourceVersionDate "2021.10.06"]
[SourceQuality "1"]

1. e4 e5 2. Nf3 Nc6 3. Bc4 Bc5 4. 0-0 d6 5. h3 Be6 6. Bxe6 fxe6 7. c3 Qf6 8. d3 Nge7 9. b4 Bb6 10. a4 a6 11. Bg5 Qf7 12. a5 Ba7 13. Qb3 0-0 14. Nbd2 Ng6 15. g3 h6 16. Be3 Nge7 17. Bxa7 Rxa7 18. d4 exd4 19. cxd4 Nd8 20. Qe3 Ra8 21. Kg2 c6 22. Nc4 Nc8 23. e5 d5 24. Ncd2 Ne7 25. Nb3 Rc8 26. Nc5 Rc7 27. Ra3 Nf5 28. Qf4 g5 29. Qg4 Qg6 30. Nh4 Nxh4+ 31. gxh4 Rf4 32. Qg3 Rcf7 33. hxg5 hxg5 34. Qd3 Qh5 35. Ra2 Rf3 36. Qd1 Qxh3+ 37. Kg1 Qg4+ 0-1

[Event "Porto Alegre IRT U2200 1st"]
[Site "Porto Alegre"]
[Date "2016.04.09"]
[Round "2.2"]
[White "Friedrich, Carlos Ernesto Gall"]
[Black "Fonseca, Luis Ernesto Serra"]
[Result "1/2-1/2"]
[WhiteElo "1737"]
[BlackElo "1996"]
[PlyCount "99"]
[EventDate "2016.04.09"]
[EventType "swiss"]
[EventRounds "5"]
[EventCountry "BRA"]
[SourceTitle "EXT 2022"]
[Source "ChessBase"]
[SourceDate "2021.10.06"]
[SourceVersion "1"]
[SourceVersionDate "2021.10.06"]
[SourceQuality "1"]

1. e4 c5 2. Nf3 g6 3. d4 cxd4 4. Nxd4 Nc6 5. Nc3 Bg7 6. Be3 Nf6 7. Qd2 d5 8. exd5 Nxd5 9. Nxd5 Qxd5 10. c4 Qe5 11. Nxc6 bxc6 12. Rd1 0-0 13. b3 Qe4 14. f3 Qh4+ 15. g3 Qf6 16. Bg2 Bf5 17. 0-0 Qe5 18. Qf2 Qa5 19. g4 Be6 20. Bd4 Bxd4 21. Rxd4 c5 22. Rdd1 Qc7 23. Qe3 a5 24. a4 Rab8 25. h3 Rb4 26. f4 Rfb8 27. Rd3 Rd8 28. f5 Rxd3 29. Qxd3 Bc8 30. fxg6 hxg6 31. Bd5 e6 32. Be4 Kg7 33. Qf3 Qe7 34. h4 Bb7 35. Bxb7 Rxb7 36. g5 Qd8 37. Qxb7 Qd4+ 38. Rf2 Qxh4 39. Rxf7+ Kg8 40. Rg7+ Kh8 41. Rd7 Qe1+ 42. Kh2 Qe5+ 43. Kh3 Qe3+ 44. Kg4 Qg1+ 45. Kh3 Qe3+ 46. Kg4 Qg1+ 47. Kf3 Qf1+ 48. Kg3 Qe1+ 49. Kh2 Qe5+ 50. Kh3 1/2-1/2

[Event "Porto Alegre IRT U2200 1st"]
[Site "Porto Alegre"]
[Date "2016.04.09"]
[Round "1.14"]
[White "Friedrich, Carlos Ernesto Gall"]
[Black "Uema, Guilherme Palacios"]
[Result "1-0"]
[WhiteElo "1737"]
[BlackElo "1784"]
[PlyCount "133"]
[EventDate "2016.04.09"]
[EventType "swiss"]
[EventRounds "5"]
[EventCountry "BRA"]
[SourceTitle "EXT 2022"]
[Source "ChessBase"]
[SourceDate "2021.10.06"]
[SourceVersion "1"]
[SourceVersionDate "2021.10.06"]
[SourceQuality "1"]

1. e4 e6 2. d4 d5 3. Nc3 Nf6 4. Bg5 dxe4 5. Nxe4 Be7 6. Nxf6+ Bxf6 7. Bxf6 Qxf6 8. Nf3 0-0 9. Bd3 Nc6 10. c3 e5 11. dxe5 Nxe5 12. Nxe5 Qxe5+ 13. Qe2 Qxe2+ 14. Kxe2 Re8+ 15. Kd2 Be6 16. b3 Rad8 17. Kc2 f6 18. Rad1 Kf7 19. f3 Rd6 20. Be4 Rxd1 21. Rxd1 b6 22. c4 h6 23. Kc3 f5 24. Bc6 Re7 25. Rd8 Kf6 26. f4 Bf7 27. Kd2 Bh5 28. Rf8+ Ke6 29. Bd5+ Kd6 30. Rxf5 Bg4 31. Rf7 Re2+ 32. Kd3 Rxa2 33. Rxg7 Bf5+ 34. Be4 Bxe4+ 35. Kxe4 Rb2 36. Rg6+ Kc5 37. Rg3 h5 38. Rg5+ Kd6 39. Kf5 Rxb3 40. Kf6 a5 41. Rd5+ Kc6 42. f5 Rc3 43. Rd4 a4 44. Kg7 Rc2 45. f6 Rxg2+ 46. Kf8 a3 47. f7 a2 48. Rd1 Rxh2 49. Rg1 Kd7 50. Kg8 a1Q 51. Rxa1 Rg2+ 52. Kf8 Rf2 53. Rd1+ Kc6 54. Rg1 Kc5 55. Kg8 Kxc4 56. f8Q Rxf8+ 57. Kxf8 c5 58. Ke7 Kb4 59. Kd6 c4 60. Kc6 Kc3 61. Kb5 Kd3 62. Rg3+ Kd4 63. Kb4 b5 64. Rh3 h4 65. Rxh4+ Kd3 66. Rh3+ Kd2 67. Rc3 1-0